The Economics of Managing Biotechnologies : (Record no. 615171)

MARC details
000 -LEADER
fixed length control field 00549nam a2200193 a 4500
008 - FIXED-LENGTH DATA ELEMENTS--GENERAL INFORMATION
fixed length control field 260221s2002##################000#0#eng##
020 ## - INTERNATIONAL STANDARD BOOK NUMBER
ISBN 9781402004995
082 04 - DEWEY DECIMAL CLASSIFICATION NUMBER
Classification number 338.476606
Item number SWA
100 1# - MAIN ENTRY--AUTHOR NAME
Personal name Swanson, Timothy M.,
245 10 - TITLE STATEMENT
Title The Economics of Managing Biotechnologies :
260 ## - PUBLICATION, DISTRIBUTION, ETC. (IMPRINT)
Name of publisher Springer Science & Business Media,
Year of publication 2002.
300 ## - PHYSICAL DESCRIPTION
Number of Pages 279 pages
650 #0 - SUBJECT ADDED ENTRY--TOPICAL TERM
Topical Term Business & Economics.
942 ## - ADDED ENTRY ELEMENTS (KOHA)
Koha item type English Books
Holdings
Withdrawn status Lost status Damaged status Not for loan Home library Current library Shelving location Date acquired Full call number Accession Number Price effective from Koha item type
        Anna Centenary Library Anna Centenary Library 4TH FLOOR, A WING 21.02.2026 338.476606 SWA 208475 21.02.2026 English Books

Find us on the map